Un rappeur, ses 3 plus gros sons - Statistiques

Statistiques générales
  • Ce quiz a été pris 54 fois
  • Le résultat moyen est 50 sur 207
Statistiques - réponses
Nom du Rappeur Réponse % Correct
BOOBA (SDM) | SDM (Booba) DOLCE CAMARA
73%
HLD H
66%
DAMSO MACARENA
64%
DAMSO (Kalash) | KALASH (Damso) MWAKA MOON
64%
JUL (13 Organisé) | NAPS (13 Organisé) | SCH (13 Organisé) BANDE ORGANISEE
57%
BEENDO Z PAS BÊTE
57%
GAZO DIE
55%
NONO LA GRINTA PARIS
55%
GAMBI POPOPOP
55%
NISKA RESEAUX
55%
GAZO (Soolking) | SOOLKING (Gazo) CASANOVA
52%
FAVE URUS
52%
BOOBA (Maes) | MAES (Booba) BLANCHE
50%
FAVE (Gazo) | GAZO (Favé) FLASHBACK
50%
RNBOI MON BEBE
50%
DADJU REINE
50%
RIM'K (Ninho) AIR MAX
48%
NINHO LA VIE QU'ON MENE
48%
BOOBA (Maes) | MAES (Booba) MADRINA
48%
HEUSS L'ENFOIRE (JUL) | JUL (Heuss L'Enfoiré) MOULAGA
48%
PNL AU DD
45%
FREEZE CORLEONE FREEZE RAEL
45%
DADJU (Ninho) GRAND BAIN
45%
NAPS LA KIFFANCE
45%
KOBA LA D (Niska) RR 9.1
45%
THEODORA (Disiz) MELODRAMA
43%
LAMANO 1.9 (Gims) PARISIENNE
43%
SDM BOLIDE ALLEMAND
41%
LETO (Ninho) MACARONI
41%
GRADUR (Heuss L'Enfoiré) | HEUSS L'ENFOIRE (Gradur) NE REVIENS PAS
41%
HAMZA (PLK) | PLK (Hamza) PILOTE
41%
L2B (Soolking) TOUR DU MONDE
41%
KAARIS (Kalash Criminel) | KALASH CRIMINEL (Kaaris) ARRET DU COEUR
39%
1PLIKE140 CANADA
39%
WERENOI LABORATOIRE
39%
NINHO LETTRE A UNE FEMME
39%
ZOLA (Ninho) PAPERS
39%
L2B PELICAN
39%
LA RVFLEUZE (Gazo) KAT
36%
GAMBI PETETE
36%
LA RVFLEUZE SERRURE 5
36%
KOBA LA D (Maes, Zed) COFFRE PLEIN
34%
KOBA LA D (Gazo) DADDY CHOCOLAT
34%
LA FOUINE (L2B) FLYING BLUE
34%
1PLIKE140 LOPSA STORY
34%
NISKA (Ninho) MAMAN NE LE SAIT PAS
34%
TIAKOLA MEUDA
34%
GUY2BEZBAR MONACO
34%
R2 RUINART
34%
THEODORA (Jul) ZOU BISOU
34%
NONO LA GRINTA (RnBoi) AVEC MOI
32%
NISKA (Soolking) BALADER
32%
WERENOI CHEMIN D'OR
32%
KAARIS TCHOIN
32%
LETO (Ninho) TES PARENTS
32%
GREEN MONTANA (SDM) BARCELONA92
30%
MAES (Ninho) DISTANT
30%
GAMBI HE OH
30%
NONO LA GRINTA LOVE YOU
30%
AMK MALYA
30%
DADJU (Soolking) | SOOLKING (Dadju) MELEGIM
30%
PNL ONIZUKA
30%
GENEZIO (RK) | RK (Genezio) VIANO
30%
ZOLA AMBER
27%
NAPS (GIMS) BEST LIFE
27%
ZIAK FIXETTE
27%
TIAKOLA (Gazo) MAMI WATA
27%
FREEZE CORLEONE (SCH) MANNSCHAFT
27%
D2 (R2, Kulturr) MOOD
27%
KERCHAK (Gazo, Leto, Favé) NO LECHE
27%
NINHO PUTANA
27%
HEUSS L'ENFOIRE (Gazo) SAIYAN
27%
OBOY TDB
27%
RK (Larry) WOIN WOIN
27%
PLK (Oboy) ATTENTAT
25%
LACRIM (FRENCH MONTANA) A.W.A
25%
THEODORA KONGOLESE SOUS BBL
25%
GRADUR ROSA
25%
GIMS SPIDER
25%
HAMZA (SCH) | SCH (Hamza) FADE UP
23%
TIMAR SIERRA LEONE
23%
ZOLA (Koba LaD) TEMPS EN TEMPS
23%
TIMAR (ZZ) 4H44
20%
KALASH (Damso) ALPHA
20%
DADI BAH OUAIS
20%
FRANGLISH (Keblack) BOUCAN
20%
OBOY CABEZA
20%
SDM CARTIER SANTOS
20%
LA FOUINE DU FERME
20%
HAMZA KYKY2BONDY
20%
LETO (Tiakola) MAPESSA
20%
GUY2BEZBAR (Keblack) MELROSE PLACE
20%
KERCHAK (Ziak) | ZIAK (Kerchak) PEUR
20%
GENEZIO (Tiakola,Prototype) PONA NINI
20%
PLK EMOTIF
18%
AMK THUG
18%
NAZA (DYSTINCT) BUSINESS
16%
LACRIM (Gims) CE SOIR NE SORS PAS
16%
DAMSO DIEU NE MENT JAMAIS
16%
GENEZIO (LaMano 1.9) | LAMANO 1.9 (Genezio) EL GEMANO
16%
GREEN MONTANA (SDM) EVIDEMMENT
16%
TIAKOLA (Gazo) FLEURS
16%
RSKO (Tiakola) GASOLINA
16%
PNL J'COMPRENDS PAS
16%
SCH JE LA CONNAIS
16%
NAZA (Niska) JOLI BEBE
16%
IDS (Leto) MATHEMATIQUE
16%
FAVE MODE AVION
16%
L2B MOVIE
16%
HOS COPPERFIELD (Werenoi) PHOTO
16%
ZIAK RASPOUTINE
16%
RNBOI (Tiakola, Mr Nov) RESTE LA
16%
FREEZE CORLEONE SHAVKAT
16%
LUV RESVAL TOUT S'EN VA
16%
KALASH (Gazo) TU LE SAIS
16%
OBOY AVEC TOI
14%
LA HASBA 22 BARCOLA
14%
RNBOI BTRD
14%
LUV RESVAL CETTE FILLE
14%
KAARIS DIARABI
14%
IDS (LaMano 1.9) JUMP
14%
JUL LA BANDITE
14%
LACRIM NO LO SE
14%
KLN OVERBOOKING
14%
LA RVFLEUZE PIB
14%
FRANGLISH POSITION
14%
RIM'K (SDM) RUN
14%
WERENOI SOLITAIRE
14%
SOOLKING SUAVEMENTE
14%
KONIEUR ALLO
11%
YORSSY CRF
11%
GIMS EST-CE QUE TU M'AIMES
11%
LAMANO 1.9 I'M SORRY
11%
KEBLACK LAISSE MOI
11%
1PLIKE140 ONGBAK 2
11%
KLN (Niska) TENDANCE
11%
KEBLACK AUCUNE ATTACHE
9%
KALASH CRIMINEL (Kaaris, Sofiane) BLING BLING
9%
KERCHAK CALME TOI
9%
FRANGLISH (Dadju) DJANGO
9%
DADI DOUCEMENT
9%
RK LOLA
9%
LA FOUINE (Zaho) MA MEILLEURE
9%
RIM'K (Morad) PAPEL
9%
KLM PARAPLUIE
9%
HOS COPPERFIELD (Ninho) PIRATE
9%
GIMS SOIS PAS TIMIDE
9%
RSKO (Tiakola, Hamza) 1H55
7%
LA HASBA 22 (Nono La Grinta) 22%
7%
RSKO (L2B) AMIS D'ENFANCE
7%
D2 (Keblack, Genzeio) C'EST QUOI TON DELIRE
7%
R2 C'EST RELOU
7%
KEBLACK COMPLETEMENT SONNE
7%
KALASH CRIMINEL (JUL) DANS LA ZONE
7%
GREEN MONTANA FUM22 NOCIVE
7%
R2 JAMAIS TOI
7%
JRK19 MEC DE PANAM
7%
KONIEUR MUCHACHOS
7%
KLN (Tiakola) NO LIMIT
7%
LA HASBA 22 (Nono La Grinta, LaMano 1.9) STEPHANIE
7%
IDS (Rsko) BOOM BOOM
5%
JRK19 BOOYAKASHA
5%
GUY2BEZBAR (Bolemvn) CA CANARDE
5%
BEENDO Z EDL 75
5%
KLM ELLE ET MA SOEUR
5%
TIMAR IA
5%
NAZA LOIN DE MOI
5%
HOS COPPERFIELD (Ninho) MA GUAPA
5%
YORSSY (Guy2Bezbar) MALABAR
5%
AMK MALYA PT 2
5%
KLM NICKI
5%
BILOUKI PINOCCHIO
5%
YORSSY RACKS
5%
DEXTER HMC 101 RUE CERCAY
2%
KONIEUR 12.12.25 REMIX BOOSKA CHARO
2%
JRK19 14 MOIS
2%
HLD AMG
2%
DEXTER HMC BRANDAO
2%
MOLA (KLM, ISK) BRAV-M
2%
BEENDO Z INSPIRE DE FAITS REELS #6
2%
LUV RESVAL MPC PART 2
2%
HLD SEKLENLAND PT 5
2%
MOLA (HLD) SONORITE
2%
D2 SUR MOI
2%
GRADUR (Franglish) TRUCS DE CHOSES
2%
MOLA (JRK19) UBER EATS
2%
BILOUKI WILLY WONKA
2%
DADI DVM FREESTYLE
0%
BILOUKI TCHEBE 2X
0%
DEXTER HMC WILDER
0%
Aucun quiz correspondant
Distribution des résultats
% des personnes avec chaque résultat
Percentile par nombre de réponses
Votre historique - résultats
Vous n’avez pas pris ce quiz